000
00281nam a22001097a 4500
082
_a
669.042 WOO'M
100
_a
WOOD, V. N
_9
76778
245
_a
METLLLURGICAL MATERIALS ALLOYS AND MANUFACTURING PROCESSES
260
_a
LONDON
_b
CHAPMAN & HALL
_c
1946
300
_a
340P
942
_c
BK
999
_c
582109
_d
582109